000 00700nam a2200229 i 4500
001 124579
003 ES-MaACL
005 20250813062630.0
007 t|
008 070330s1946 sp ||||1| spa d
080 _a294.3
100 1 _aNegre, Pedro.
_985293
245 1 0 _aBudismo
_b: enigmas de un nirvana misterioso /
_cPedro Negre ; prólogo por Pedro Font Puig.
260 _aBarcelona :
_bLabor,
_c[1946]
300 _a230 p., XXXII p. de lám., 2 map. ;
_c17 cm.
490 1 _aColección Labor ;
_v432, 433
650 _aBudismo.
_910630
700 1 _aFont Puig, Pedro.
_951567
830 0 0 _aColección Labor
_v432, 433
_9184254
852 _aES-MaACL
_jE-2887
999 _c124579
_d124579